000 01203cam a22003497a 4500
003 CHAP
005 20220329134435.0
008 971013s1980 r 00010 d
010 _a20539
011 _a21511
035 _a25601
040 _cCHAP
090 _aTesis
100 0 0 _aDomecq de Ossorio, Elisa Susana.
_933747
245 0 _aCostos de producción de seis cultivos básicos en la crisis agrícola de México
260 _aChapingo, Méx. :
_bEl autor,
_c1980
300 _a208 h.
502 _aTesis (Ing. Agr. Esp. en Economía Agrícola) -- UACH. Depto. de Economía Agrícola
590 _aALEPH
_b10
_c20130110
_lUCH01
_h1244
590 _aBATCH-UPD
_b10
_c20130110
_lUCH01
_h0104
590 _aBATCH-UPD
_b10
_c20130110
_lUCH01
_h1745
590 _aBATCH-UPD
_b10
_c20130410
_lUCH01
_h1123
590 _aBATCH-UPD
_b10
_c20130914
_lUCH01
_h1117
590 _aCONVERSION
_b10
_c20130109
_lUCH01
_h1312
650 1 4 _aCultivos
_xCostos de producción.
_930247
650 1 4 _aCultivos
_zMéxico.
_930363
901 _aBK
942 _cFOLL
949 _bBC
_cTES
_d-58978
_eTS1
_i25601
_si
949 _bBC
_cTES
_d-58979
_eTS2
_fc.2
_i25601
_si
949 _bBC
_cTES
_d-58980
_eTS2
_fc.3
_h21996
_i25601
_si
999 _c20539
_d20539